000 00318nam a2200133Ia 4500
005 20260328104258.0
008 260328s9999||||xx |||||||||||||| ||und||
100 _aCelis, Pablo
245 0 _aBicycle Parking Manual /
_cPablo Celis
260 _bVerso
300 _a95 p.
650 _aDISEÑO GRÁFICO
942 _cBK
999 _c10518
_d10518